[Event "FIDE-Wch k.o."]
[Site "Tripoli"]
[Date "2004.06.19"]
[Round "1.1"]
[White "Kobalia, Mihail"]
[Black "Karjakin, Sergey"]
[Result "1/2-1/2"]
[WhiteElo "2630"]
[BlackElo "2580"]
[Annotator "Lukacs,P"]
[PlyCount "69"]
[EventDate "2004.06.19"]
[EventType "k.o."]
[EventRounds "7"]
[EventCountry "LBY"]
[SourceTitle "CBM 102"]
[Source "ChessBase"]
[SourceDate "2004.09.23"]
[SourceVersion "1"]
[SourceVersionDate "2004.09.23"]
[SourceQuality "1"]

1. e4 e5 2. Nf3 Nc6 3. Bc4 Nf6 4. d3 Be7 5. O-O O-O 6. Re1 d6 7. a4 h6 8. c3 (
8. Nbd2 Nh7 {/\ Ng5} (8... Bg4 {In this P structure this pin is useless.} 9. h3
Bh5 10. a5 {/\ a6} Nd4 11. g4 Nxf3+ 12. Qxf3 Bg6 {The B is out of play here.}
13. a6 bxa6 14. Rxa6 $14 {Karavaev-Yemelin, RUS-Team Smolensk 2000}) 9. c3 (9.
Nf1 Ng5 10. Ne3 Nxf3+ 11. Qxf3 Bg5 {This is the main idea, Black wants to
exchange his passive B.} 12. c3 Kh8 13. Nf5 Bxc1 14. Raxc1 Qf6 15. Bd5 Be6 $11
{Bitman-Yandemirov, RUS Cup Kstovo 1997}) (9. a5 a6 10. Nf1 Ng5 11. Nxg5 Bxg5
12. Ne3 Be6 13. c3 Bxe3 14. Rxe3 Bxc4 15. dxc4 f5 16. exf5 Rxf5 {The P
structure cannot be better for White.} 17. Rf3 Qf6 18. Rxf5 Qxf5 19. Be3 Kh8
20. h3 Rf8 $11 {Barua-Roktim, 2003}) 9... Bg5 (9... Ng5 10. Nxg5 (10. b4 a6 11.
a5) 10... Bxg5 11. Nf1 Na5 12. Ba2 Bxc1 13. Rxc1 Be6 14. Bd5 $14 {fighting
against the outplaced N on a5, Gunnarsson-Pedersen, Budapest 2003.}) 10. Nxg5
Nxg5 (10... Qxg5 11. Nf1 $14 {^^}) 11. Nf1 Nh7 12. a5 a6 13. Ng3 Nf6 {Black
has lost a lot of tempi in order to exchange his passive B, and gave up the ^^.
} 14. Qf3 $14 {Bellini-Acs, Hotel Agro, 1999 CBM 73}) (8. a5 {White wants to
gain more space on the <<, although it is hard to force a breakthrough there.}
a6 9. Nbd2 (9. c3 Kh8 (9... Be6 10. Nbd2 Bxc4 11. Nxc4 Re8 12. h3 Bf8 13. Ne3
d5 14. exd5 Nxd5 15. Nc4 Qf6 16. Qb3 Rab8 $11 (16... Bc5 17. Ncd2 $14 (17. Bd2
{(Delchev-Nyysti, EU-ch 4th Istanbul 2003)} Rab8 $13))) 10. Qb3 {This is
another benefit of a4-a5.} Qe8 {/\ Nh5, f5} 11. d4 Nh5 (11... Nh7 12. Be3 {
keeping the tension in the [+] looks logical.} (12. dxe5 Nxe5 13. Nxe5 dxe5 14.
Nd2 Bg5 15. Nf1 Bxc1 16. Raxc1 $14 {Berzinsh-Danailov, Pula op 17th 2003})
12... Ng5 13. Nbd2 $14) 12. Nbd2 f5 13. dxe5 Nf4 $1 {/\ Qg6} 14. exf5 (14. exd6
Qg6 15. g3 Bxd6 16. e5 Bc5 $44) 14... Bxf5 15. exd6 Qg6 16. g3 Bxd6 17. Nh4 Qh5
18. Bf1 Nd3 $44 {Sivokho-Yemelin, City-ch 2000}) 9... Nh7 (9... Be6 10. c3 Nh7
11. Nf1 Bxc4 12. dxc4 {This P structure is somewhat better for White because
of the pressure on >< d5.} Ng5 13. Bxg5 Bxg5 14. Qb3 Rb8 15. Nxg5 Qxg5 16. Ne3
$14 {Barua-Gokhale, Goodricke 12th op 2001}) 10. Nf1 Ng5 11. Ne3 Be6 12. Bxe6
fxe6 {This P structure is quite playable for Black.} 13. Nxg5 Bxg5 14. c3 Rb8
15. Qh5 {1/2:1/2 Anisimov-Yemelin, St.Petersburg-ch 2002}) (8. h3 Nh7 9. Nc3
Ng5 10. Nh2 Kh8 {/\ f5} 11. Nd5 Be6 12. c3 Nh7 {/\ Bg5 exchanging the passive
dark-squared B.} 13. a5 Bg5 14. a6 b6 15. d4 Bxc1 16. Rxc1 Na5 17. Bf1 Ng5 18.
f3 f5 $132 {Vlassov-Kornev, RUS Cup 2003}) 8... Nh7 (8... Kh8 9. a5 a6 {- 8.a5}
) 9. a5 (9. Be3 $5 Kh8 10. a5 a6 {is the regular answer.} (10... f5 {looks a
bit premature:} 11. exf5 Bxf5 12. a6 b6 13. Bd5 Qe8 14. d4 Rd8 15. Nbd2 Nb8 16.
dxe5 dxe5 17. Bb7 $14 {Bosboom-Romanishin, Tilburg 1993})) (9. d4 Ng5 {Now
Black can insert some pressure on >< d4.} 10. Nxg5 Bxg5 11. dxe5 Nxe5 $11 {
- Eismont-Yandemirov, Russian Club Cup 1998 CBM 66}) (9. Nbd2 {- 8.Nbd2}) 9...
a6 10. Be3 (10. b4 Be6 $13) (10. Nbd2 Kh8 (10... Ng5 11. h3 $5 {/\ d4 looks
logical.} (11. Qb3 Rb8 $5 (11... Ne6) 12. d4 (12. Qa2 {/\ b4} Kh8 13. b4 Qe8
14. Nxg5 Bxg5 15. Nf1 Bxc1 16. Raxc1 Be6 17. Ne3 $14 {with some space
advantage for White.}) 12... Nxf3+ $5 (12... Bg4 13. d5 Nxf3+ $4 14. gxf3 $1
$18 {Malaniuk}) (12... Bd7 13. dxe5 Nxe5 14. Nxe5 dxe5 {Now the passive B will
come back to fight.} 15. Nf1 Bc5 $1 {This is the best /^ for the B.} 16. Qc2
Bb5 17. Bxb5 axb5 18. Rd1 Qe7 19. b4 Ba7 20. Be3 Bxe3 21. Nxe3 c6 22. Nf5 Qc7
$14 {Speelman-Malaniuk, Kropotkin 1995}) 13. Nxf3 Bg4 14. d5 Bxf3 15. dxc6 bxc6
16. Qa4 Bxe4 17. Rxe4 d5 18. Rxe5 dxc4 19. Qxc4 Qd1+ 20. Qf1 Qxf1+ 21. Kxf1 {
White's << pawns are on the colour of B, so Black's double pawns are not so
bad.} Bd6 $11 {Speelman}) (11. d4 {White has to prepare this advance in the [+]
.} Bg4 {Black inserts a big pressure on >< d4.} (11... Bf6 $5 {-
Vlassov-Yandemirov, Russian Club Cup Malkop 1998 CBM 66}) 12. Be2 Bxf3 $1 13.
Nxf3 Nxe4 14. Bd3 Ng5 15. Bxg5 Bxg5 16. dxe5 Nxe5 17. Nxe5 dxe5 18. Rxe5 $11)
11... Bf6 12. Nf1 $14 {Rabiega-Simic,}) 11. d4 Ng5 {1/2:1/2 Kogan-Smagin,
Montreal2 2000}) (10. Qb3 {is the other typical setup again.} Qe8 (10... Ng5
11. Nbd2 {- 10.Nbd2}) 11. d4 Ng5 12. Nbd2 $14 {Armas-Boudre, FRA-ch 1992}) (10.
d4 Ng5 11. Nbd2 {- 10.Nbd2 Ng5 11.d4}) 10... Ng5 (10... Kh8 {/\ f5} 11. Qb3 f5
(11... Ng5 12. Nbd2 {- 10...Ng5}) 12. exf5 Rxf5 13. Nbd2 Nf6 14. d4 d5 15. Bf1
Ng4 16. dxe5 Ncxe5 17. Bd4 Nxf3+ (17... Bd6 18. h3 $16 {Felgaer-Yandemirov,
Linares Anibal op 8th 2001}) 18. Nxf3 $14 {and White's pieces are better
developed in an open position.}) 11. Nbd2 Bg4 (11... Nxf3+ 12. Nxf3 Be6 13.
Bxe6 fxe6 {As it was mentioned before, this P structure is not so bad for
Black, because he covers d5 and f5 and can organize some -> along the
semi-opened f <->.} 14. b4 (14. Qb3 Qd7 $11) 14... Bf6 (14... d5 {fighting
back in the [+] was also a tempting alternative.} 15. Qb3 Qd7 $11) 15. Qb3 Qd7
16. c4 {White wants to advance on the <<, while Black has counterchances on
the other flank.} Ne7 (16... Rf7 17. b5 Nd4 18. Bxd4 exd4 {Here the N is more
useful than the passive B.} 19. bxa6 bxa6 20. Qb7 $14) 17. b5 g5 18. Rab1 (18.
h3 Bg7) 18... Bg7 19. Nd2 Ng6 $13 {Tkachiev-Fressinet, Cap d'Agde 2002 CBM 92})
(11... Kh8 {/\ f5} 12. Qb3 f5 13. exf5 Nxf3+ (13... Rxf5 14. Bd5 Nxf3+ 15. Nxf3
{- 13....Nf3}) 14. Nxf3 Rxf5 15. Bd5 Rf8 $1 {The R was vulnerable on f5.} 16.
Be4 Bf6 17. d4 exd4 18. cxd4 Ne7 19. d5 {(Nevedhichy-Tomescu, Romania 1997)}
Nf5 $1 (19... Bf5 20. Bd4 Rb8 21. Bxf6 Rxf6 22. Nd4 Bxe4 23. Rxe4 c6 24. dxc6
Nxc6 25. Qd5 Nxd4 26. Qxd4 $14 {Fedorov-Stevic, CRO-chT 2003}) 20. Bxf5 Bxf5
21. Nd4 Bxd4 22. Bxd4 $14 {Nevednichy}) 12. h3 Bh5 {The B is usually passive
here.} (12... Nxf3+ 13. Nxf3 Be6 14. Bxe6 fxe6 15. Qb3 Qd7 16. d4 exd4 17. Nxd4
Nxd4 18. Bxd4 {can only be slightly better for White.}) 13. Kh2 {/\ g4} Kh8 14.
g4 Nxf3+ (14... Bg6 15. Nh4 Nh7 16. Nf5 (16. Ng2 Bg5 17. f4 exf4 18. Nxf4 Ne5
19. Rf1) 16... Bg5 17. b4 Bxe3 18. fxe3 $14) 15. Qxf3 Bg6 16. Nf1 {/\ Ng3} Bg5
{Black wants to get rid of his passive B.} 17. Ng3 Bxe3 (17... f6 18. Nf5 Bf7
19. Bxf7 Rxf7 20. h4 Bxe3 21. fxe3 $14 {with some attacking chances.}) 18. fxe3
Ne7 19. Nf5 f6 20. Rf1 $14 Bf7 21. Bxf7 Rxf7 22. h4 d5 $2 {Black sacrifices a
P, but the idea is not completely sound.} (22... c6 {/\ d5} 23. Nxe7 Qxe7 (
23... Rxe7 24. g5 fxg5 25. hxg5 d5 26. gxh6 gxh6 27. exd5 cxd5 28. Qf6+ $16)
24. g5 $36) (22... Ng8 $142 $5 {/\ g6 to kick out the strong white N.} 23. Rf2
(23. h5 Ne7) 23... g6 $5 (23... Qd7 24. c4 Raf8 $14) 24. Ng3 f5 $5 25. exf5
Qxh4+ 26. Kg2 Raf8 27. Rh1 Qg5 $132) 23. exd5 $2 {Now Black is OK.} (23. Nxe7 {
would have won the d P after} Rxe7 24. exd5 Rd7 25. c4 (25. e4 c6 26. c4 {
- 25.c4}) 25... c6 $1 26. e4 (26. dxc6 bxc6 27. Qxc6 Rxd3 $132) 26... cxd5 27.
exd5 $16) 23... Qxd5 24. Qxd5 Nxd5 $11 {and the _|_ is simply equal.} 25. h5
Re8 26. Kg3 Kg8 27. d4 Rd7 28. c4 Nb4 29. d5 e4 30. Ra3 Nd3 31. Rb3 Nc5 32. Ra3
Nd3 33. Rb3 Nc5 34. Rc3 Nd3 35. Rb3 {and draw by repetition of moves.} 1/2-1/2

[Event "FIDE World Cup-A"]
[Site "Hyderabad"]
[Date "2002.10.12"]
[Round "3"]
[White "Macieja, Bartlomiej"]
[Black "Ivanchuk, Vassily"]
[Result "1-0"]
[WhiteElo "2615"]
[BlackElo "2709"]
[Annotator "Macieja,B"]
[PlyCount "89"]
[EventDate "2002.10.05"]
[EventType "tourn"]
[EventRounds "5"]
[EventCountry "IND"]
[EventCategory "16"]
[SourceTitle "CBM 092"]
[Source "ChessBase"]
[SourceDate "2003.02.06"]
[SourceVersion "1"]
[SourceVersionDate "2003.02.06"]
[SourceQuality "1"]

{That was a very important game - I had to win it to keep chances for
qualifying to the quarter-finals.} 1. e4 {Lukacs} e5 2. Nf3 Nc6 3. Bc4 Nf6 4.
d3 Be7 5. O-O O-O 6. Re1 d6 7. a4 {I had already played 5 times that move, so
it was obvious for me that Ivanchuk had something prepared. Nevertheless, I
decided to check what it was and to try to refute it. Lukacs: 'against Na5
capturing the B. White also threatens to advance on the << in order to gain
space.'} Nd4 $5 {That move was successfully played in 1994 by ... my coach
Vitaly Tseshkovsky against Vladislav Nevednichy. In 2001 Morozevich quite
easily drew with Gelfand, but for some very strange reasons that move has been
played only in 2 more games! Lukacs: 'Black has a lot of adequate replies.'} (
7... Bg4 {(Lukacs) - Fedorov-Potapov, RUS-chT 9th Ekaterinburg 2002 CBM 90}) (
7... h6 {Lukacs} 8. a5 {- Tkachiev-Fressinet, Capd'Agde KO 2000 CBM 92} (8.
Nbd2 {(Lukacs) - Bellini-Acs, Hotel Agro GM 1999 CBM 73})) (7... Be6 {(Lukacs)
- Mainka-Nenashev, Recklinhausser Schachtage 1998 CBM 67}) (7... Kh8 {(Lukacs)
-Hossain-Ehlvest, United Insurence 4th 1999 CBM 70}) 8. Nxd4 exd4 {Lukacs:
'The position is very similar to the Ruy Lopez Bird Variation!'} 9. Nd2 $1 $146
{A logical move. Both Nevednichy and Gelfand tried} (9. c3 dxc3 10. Nxc3 c6 {
/\ d5} (10... Be6 {Lukacs} 11. Qb3 (11. Bxe6 {Lukacs} fxe6 12. Qb3 Qd7 $1 $13 {
Morozevich-Gelfand, Astana 2001 CBM 84}) 11... Bxc4 (11... Qd7 $6 {(Lukacs) is
not a correct P sacrifice:} 12. Qxb7 Rfb8 13. Qa6 Rb6 14. Bxe6 Qxe6 15. Qa5 $16
{Rabiega-Breutigam, GER-ch Altenkirchen, 2001}) (11... Qc8 {Lukacs} 12. d4 $14)
12. dxc4 $14 {with some pressure in the [+], especially on d5.} (12. Qxc4 {
Lukacs} c6)) 11. Bb3 $1 {is the quiet prophylactic move avoiding g6-d5.} (11.
d4 {(Lukacs) runs into the freeing move} d5 12. exd5 cxd5 13. Nxd5 Nxd5 14.
Bxd5 Qxd5 15. Rxe7 {^-} Be6 $11 {Nevednichy}) (11. Qb3 {Lukacs} Ng4 $5 {/\ Ne5}
12. d4 (12. h3 {Lukacs} Ne5 13. d4 Nxc4 14. Qxc4 $11) 12... Bh4 13. g3 Qf6 14.
Nd1 (14. Re2 $2 {(Lukacs) disturbs the harmony of the white pieces.} Qg6 $1 15.
Kh1 ({On} 15. f3 {Lukacs} Nxh2 $1 {comes with a devastating ->.}) 15... Bf6 16.
f3 (16. Qd1 {(Lukacs) is again met by the tactical blow} Nxh2 $1 17. Kxh2 Qh5+
18. Kg1 Bg4 $19) 16... Bxd4 $1 17. fxg4 Bxg4 18. Rg2 Bf3 19. Be2 Bxg2+ 20. Kxg2
Rae8 $1 $13 {Nevednichy-Tseshkovsky, Yugoslavia 1994}) 14... Qg6 15. Kh1 Bg5
16. Bxg5 Qxg5 17. f3 $14 {Nevednichy}) 11... Be6 12. d4 {Now White's [+] is
impressive.} (12. Bc2 {Lukacs} c5) 12... Bxb3 13. Qxb3 $14 {Gelfand}) (9. h3 {
Lukacs} Be6 10. Bxe6 fxe6 11. e5 dxe5 12. Rxe5 {Black's P structure is bad,
but White has problems with his development.} Qd7 13. Nd2 (13. Qe2 {Lukacs}
Rae8 14. Rxe6 Bb4) 13... Bd6 14. Re1 Rae8 $132) 9... Ng4 $6 {'!?' Lukacs.
Lukacs: 'This is a typical manoeuvre in the Ruy Lopez Bird Variation.'} ({
I think, better is} 9... Be6 10. Bxe6 fxe6 {with good chances for equalizing}
11. e5 dxe5 12. Rxe5 {is much better than before.} Bd6 (12... Qd6 {Lukacs} 13.
Qe2 Ng4 $2 14. Nc4 $18) 13. Rxe6 Qd7 14. Qe2 Nd5 (14... Rae8 {Lukacs} 15. Rxe8
Rxe8 16. Ne4 $16) 15. Nc4 Rae8 16. Re4 Nf6 17. Rxe8 Rxe8 18. Qf1 $14 {and
White has time to finish his development.}) ({Even more precise is} 9... Bg4
10. f3 (10. Nf3 d5 $1 11. exd5 Bb4 $1 $11 12. Rf1 Nxd5 13. h3 Bxf3 14. Qxf3 c6
$11) 10... Be6 11. Nb3 d5 12. exd5 Nxd5 13. Nxd4 Bc5 14. c3 Bxd4+ 15. cxd4 {
and Black has a firm blockade on d5.} c6 $44 {Shipov/Notkin}) (9... c6 {Lukacs}
10. Nf3 d5 11. exd5 cxd5 12. Bb3 $14) 10. Nf3 Bh4 {That was the last black's
active move in the game! I should add, that 10...Bh4 was followed by draw
offer. '!' Lukacs. Lukacs: 'attacking the vulnerable >< f2.'} 11. Rf1 $1 {
Rook is better placed on f1 than e2, because doesn't disturb queen and also
there are quite realistic chances for opening f file.} c5 ({It wasn't possible
to play} 11... Bf6 {because of} 12. h3 Ne5 13. Nxd4 (13. Nxe5 {Lukacs} dxe5 14.
f4 $14) 13... Nxc4 14. dxc4 Re8 15. Re1 $16) (11... Be6 {Lukacs} 12. Bxe6 (12.
Bf4 {Lukacs} Bf6 $11) 12... fxe6 13. h3 Bxf2+ 14. Rxf2 Nxf2 15. Kxf2 $14) 12.
Nxh4 $2 {A serious positional mistake. A pair of bishops will be annihilated
very soon.} (12. h3 Ne5 13. Nxe5 dxe5 14. Qh5 Bf6 15. f4 {was leading to clear
advantage.}) 12... Qxh4 13. Bf4 Ne5 14. Bg3 Qe7 15. b3 $1 {The only chance.} (
15. Bxe5 dxe5 16. f4 exf4 17. Rxf4 Be6 $11) (15. Bd5 Be6 $11 (15... Bg4 {Lukacs
} 16. f3 (16. Qd2 {Lukacs} Be6 17. Rfe1 Rae8 18. c3 Nc6 (18... Nxd3 $2 {Lukacs}
19. Bxe6 Nxe1 20. Bd5 $16) 19. a5 $14) 16... Be6 17. Re1 Rae8 (17... Qd7 {
Lukacs} 18. c3 $14) 18. c3 dxc3 19. bxc3 Bxd5 20. exd5 Qf6 21. a5 $14)) 15...
Nxc4 {The was no need to hurry so much.} ({After} 15... Be6 {black would
easily hold the position.}) 16. bxc4 {Lukacs: 'This P structure doesn't yield
White anything real. The ^- however works for White.'} Bd7 $6 ({During the
game I was thinking about} 16... a5 $5 {with the idea of fixing a weak a4 pawn.
}) ({The simplest was} 16... f5 17. exf5 (17. f3 {Lukacs} f4) 17... Bxf5 18.
Re1 Qd7 $11) 17. a5 (17. f4 $2 {(Lukacs) is always answered by the blockading
move} f5) 17... Bc6 {A bishop doesn't have much to do on this square. Black is
playing too passive.} ({After} 17... b5 18. axb6 axb6 {I was going to play} 19.
Qb1 $1 $14) 18. Qg4 $14 {White's plan is to play f4-f5 and to start an attack
on the king's side, but there is one danger - if f4 is met by black's f5! the
evaluation of the whole position changes, because Bc6 is not any longer
passive and Bg3 not any longer active!} Rae8 {'=' Lukacs.} 19. Qf4 ({White
cannot play} 19. Rae1 {because of} f5) ({so it was worthy to play} 19. f3 $5 {
first.}) 19... Qe5 (19... Rd8 $11 {Lukacs}) 20. Qg4 (20. Qd2 Qe6 21. Rae1 $14 {
was also possible.}) 20... Qe6 21. h3 $6 {During the game I was proud of that
move (21...Qxg4 22.hxg4 would lead to a very difficult for black ending), but
the analyse shows, that I was wrong.} ({Correct was} 21. f3 $1 {taking into
control e1 square.}) 21... f6 $6 {Black misses his chance.} ({After} 21... f5
22. exf5 Rxf5 {position would equalize, because it would not be possible to
take a pawn} 23. Bxd6 $2 h5 24. Qg3 Qh6 $1 25. Qh2 h4 $17) (21... Qxg4 {Lukacs}
22. hxg4 Rd8 $11) 22. Qf4 Qe5 (22... Rd8 $11 {Lukacs}) 23. Qd2 Qe6 24. Qf4 Qe5
25. Qd2 Qe6 26. Bh2 $6 {As I could not play 26.f4 because of f5! I decided to
prepare the whole idea, by playing Bh2 and g4 first. But I completely forgot
about the possible counter play. Lukacs: 'So White wants to continue the fight.
'} ({I should have been played} 26. Rae1 $14) 26... Rf7 $6 {And again Ivanchuk
is choosing a passive continuation instead of} (26... f5 $1 27. exf5 Rxf5 28.
Rae1 Qg6 29. Rxe8+ Qxe8 30. Re1 (30. Bxd6 $2 Bxg2 $1 31. Kxg2 Qc6+ $17) 30...
Qg6 31. Bg3 Re5 $1 $11) (26... f5 $11 {(Lukacs) was again a safe continuation.}
) 27. Rae1 $14 {Now I am better again, because the counter play with f5 is not
possible any longer.} Qd7 28. g4 $1 {with the idea f4- f5 '!?' Lukacs. Lukacs:
'White wants to put his pawns on the light squares and fighting against the
freeing move f5.'} (28. f4 $2 f5 $15) 28... h5 {This move only helps me. '!?'
Lukacs.} ({It was very interesting to play} 28... g6 $5 {with the idea we have
already known} 29. f4 $2 f5 $17) 29. Qf4 $1 hxg4 30. hxg4 Re6 31. Bg3 $16 {
h file is now opened, but black cannot easily operate with rooks, because of a
weakness on d6. Lukacs: '[#]'} Qe8 {'?!' Lukacs: 'This is rather useless.'} (
31... g6 $1 {Lukacs} 32. Qh6 (32. Kg2 {Lukacs} f5 $1 $132) (32. Qd2 {Lukacs}
Rh7 $11) 32... Rg7 33. Kg2 f5 $1 $13) 32. Qd2 $1 {f4 followed by f5 is now a
big threat!} g6 33. f3 {Lukacs: 'Now the question is who will conquer the
opened h <->.'} ({Of course not} 33. f4 $2 {because of} f5 $17) 33... Rh7 34.
Kf2 {Black's position gets very tough.} Qf7 ({Black cannot fight for h file,
because he will loose d6 pawn, for instance} 34... Qd7 35. Rh1 Ree7 36. Rxh7
Rxh7 37. Qf4 $18) 35. Rh1 Qg7 ({The longest time black could hold the position
after} 35... g5 $16 {avoiding white's g5 and at the same time protecting f4
square.}) 36. Rxh7 Qxh7 37. Qc1 $1 {I want to play simply Rh1-Rh6-Qh1, but at
the same time my queen can come back to f4. Black's position is basically lost.
} Kf7 $6 {Ivanchuk got in panic} (37... g5 {was necessary.}) 38. Rh1 {Lukacs:
'White has now the |^ on the >>.'} Qg7 39. g5 $18 {There is nothing more to
add.} Ke8 40. Rh6 Kd7 {'?' Lukacs.} (40... Kf7 {Lukacs} 41. Kg2 (41. Qh1 {
Lukacs} Kg8) 41... Kg8 $14 {was still a persistant defence.}) 41. Qh1 {'+-'
Lukacs. Lukacs: 'and the penetration on the seventh rank decides the battle.'}
Re7 42. gxf6 Qxf6 43. Bh4 Qf4 44. Bxe7 Kxe7 45. Qh4+ 1-0